000
00245nam a2200097Ia 4500
001
989040
005
20250826221149.0
008
250824s9999 xx 000 0 und d
245
0
_a
ÜÇ ÇATILI EV
_c
AERHUR CONAN DOYLE
260
_b
DOKUZ YAYINLARI
999
_c
989040
_d
989040